{"text_format":"3","workbook":"xlsx","n_sheets":1,"sheets":["t631"],"read":"whole","date_system":"1900"}

{"sheet":"t631","index":0,"n_rows":154,"n_cols":7,"rows_kept":154,"merged":[[0,0,0,6],[30,0,30,5],[38,0,38,5],[127,0,127,5]]}
["TABELA 631.1 - Estatísticas Agrícolas, Município de Vista Alegre do Alto, Estado de São Paulo, 2007/08."]
["ITEM","UNIDADE","N.DE UPAs","MÍNIMO","MÉDIO","MÁXIMO","TOTAL"]
["Distância à sede do município","km",259,{"v":1,"d":"1.0"},{"v":5.32,"d":"5.3"},{"v":15,"d":"15.0"},"-"]
["Área total","hectare",259,1.7,{"v":36.47,"d":"36.5"},790.8,{"v":9446.4,"d":"9,446.4"}]
["Área com cultura perene","hectare",164,0.7,{"v":15.95,"d":"16.0"},114.6,{"v":2615.5,"d":"2,615.5"}]
["Área com cultura temporária","hectare",119,{"v":1,"d":"1.0"},{"v":41.59,"d":"41.6"},{"v":648,"d":"648.0"},{"v":4948.8,"d":"4,948.8"}]
["Área com pastagem","hectare",91,0.3,{"v":5.31,"d":"5.3"},30.7,483.4]
["Área com reflorestamento","hectare",2,{"v":1,"d":"1.0"},1.7,2.4,3.4]
["Área com vegetação natural","hectare",58,0.4,{"v":4.23,"d":"4.2"},14.5,245.3]
["Área com vegetação de brejo e várzea","hectare",42,0.1,{"v":1.87,"d":"1.9"},8.5,78.5]
["Área em descanso","hectare",41,0.5,{"v":5.21,"d":"5.2"},{"v":60,"d":"60.0"},213.5]
["Área complementar","hectare",259,0.1,{"v":3.31,"d":"3.3"},132.8,{"v":858,"d":"858.0"}]
["Área das UPAs com (0, 1] ha","hectare","-","-","-","-","-"]
["Área das UPAs com (1, 2] ha","hectare",1,1.7,1.7,1.7,1.7]
["Área das UPAs com (2, 5] ha","hectare",30,2.4,{"v":4.22,"d":"4.2"},4.8,126.5]
["Área das UPAs com (5, 10] ha","hectare",31,5.3,6.7,9.7,207.6]
["Área das UPAs com (10, 20] ha","hectare",75,10.3,{"v":14.48,"d":"14.5"},19.8,{"v":1085.7,"d":"1,085.7"}]
["Área das UPAs com (20, 50] ha","hectare",80,20.3,{"v":33.11,"d":"33.1"},49.4,{"v":2649.1,"d":"2,649.1"}]
["Área das UPAs com (50, 100] ha","hectare",26,50.8,{"v":72.25,"d":"72.3"},98.7,{"v":1878.6,"d":"1,878.6"}]
["Área das UPAs com (100, 200] ha","hectare",9,101.3,{"v":132.49,"d":"132.5"},175.9,{"v":1192.4,"d":"1,192.4"}]
["Área das UPAs com (200, 500] ha","hectare",6,212.6,{"v":252.33,"d":"252.3"},295.7,{"v":1514,"d":"1,514.0"}]
["Área das UPAs com (500, 1.000] ha","hectare",1,790.8,790.8,790.8,790.8]
["Área das UPAs com (1.000, 2.000] ha","hectare","-","-","-","-","-"]
["Área das UPAs com (2.000, 5.000] ha","hectare","-","-","-","-","-"]
["Área das UPAs com (5.000, 10.000] ha","hectare","-","-","-","-","-"]
["Área das UPAs acima de 10.000 ha","hectare","-","-","-","-","-"]
["Familiares do proprietário que trabalham na UPA","unidade",124,{"v":1,"d":"1.0"},{"v":2.25,"d":"2.3"},{"v":6,"d":"6.0"},{"v":279,"d":"279.0"}]
["Trabalhadores permanentes","unidade",71,{"v":1,"d":"1.0"},2.8,{"v":18,"d":"18.0"},{"v":199,"d":"199.0"}]
["Fonte: Secretaria de Agricultura e Abastecimento, CDRS/IEA, Projeto LUPA."]
[]
["TABELA 631.2 - Explorações Animais, Município de Vista Alegre do Alto, Estado de São Paulo, 2007/08."]
["ITEM","UNIDADE","N.DE UPAs","MÍNIMO","MÉDIO","MÁXIMO","TOTAL"]
["Avicultura de Corte","cabeças/ano",1,{"v":33000,"d":"33,000.0"},{"v":33000,"d":"33,000.0"},{"v":33000,"d":"33,000.0"},{"v":33000,"d":"33,000.0"}]
["Bovinocultura de Corte","cabeças",3,{"v":6,"d":"6.0"},{"v":38.67,"d":"38.7"},{"v":60,"d":"60.0"},{"v":116,"d":"116.0"}]
["Bovinocultura Mista","cabeças",65,{"v":3,"d":"3.0"},{"v":26.09,"d":"26.1"},{"v":659,"d":"659.0"},{"v":1696,"d":"1,696.0"}]
["Suinocultura","cabeças",1,{"v":40,"d":"40.0"},{"v":40,"d":"40.0"},{"v":40,"d":"40.0"},{"v":40,"d":"40.0"}]
["Fonte: Secretaria de Agricultura e Abastecimento, CDRS/IEA, Projeto LUPA."]
[]
["TABELA 631.3 -  Máquinas, Implementos e Benfeitorias, Município de Vista Alegre do Alto, Estado de São Paulo, 2007/08."]
["ITEM","UNIDADE","N.DE UPAs","MÍNIMO","MÉDIO","MÁXIMO","TOTAL"]
["Arado Comum (Bacia, Aiveca)","Unidade",79,{"v":1,"d":"1.0"},{"v":1.18,"d":"1.2"},{"v":10,"d":"10.0"},{"v":93,"d":"93.0"}]
["Arado Escarificador","Unidade",5,{"v":1,"d":"1.0"},1.2,{"v":2,"d":"2.0"},{"v":6,"d":"6.0"}]
["Arado Subsolador","Unidade",29,{"v":1,"d":"1.0"},{"v":1.24,"d":"1.2"},{"v":8,"d":"8.0"},{"v":36,"d":"36.0"}]
["Carregadeira de Cana","Unidade",2,{"v":2,"d":"2.0"},17.5,{"v":33,"d":"33.0"},{"v":35,"d":"35.0"}]
["Colhedeira Automotriz","Unidade",1,{"v":12,"d":"12.0"},{"v":12,"d":"12.0"},{"v":12,"d":"12.0"},{"v":12,"d":"12.0"}]
["Conj.Irrigação Autopropelido","Unidade",9,{"v":1,"d":"1.0"},{"v":1.67,"d":"1.7"},{"v":6,"d":"6.0"},{"v":15,"d":"15.0"}]
["Conj.Irrigação Convencional","Unidade",52,{"v":1,"d":"1.0"},{"v":1.15,"d":"1.2"},{"v":8,"d":"8.0"},{"v":60,"d":"60.0"}]
["Conj.Irrigação Pivot Central","Unidade",2,{"v":1,"d":"1.0"},{"v":1,"d":"1.0"},{"v":1,"d":"1.0"},{"v":2,"d":"2.0"}]
["Conj.Irrigação/Gotejamento/Microaspersão","Unidade",68,{"v":1,"d":"1.0"},{"v":1.51,"d":"1.5"},{"v":4,"d":"4.0"},{"v":103,"d":"103.0"}]
["Desintegrador, Picador, Triturador","Unidade",67,{"v":1,"d":"1.0"},{"v":1.09,"d":"1.1"},{"v":3,"d":"3.0"},{"v":73,"d":"73.0"}]
["Distribuidor de Calcário","Unidade",40,{"v":1,"d":"1.0"},{"v":1.15,"d":"1.2"},{"v":6,"d":"6.0"},{"v":46,"d":"46.0"}]
["Ensiladeira","Unidade",2,{"v":1,"d":"1.0"},{"v":1,"d":"1.0"},{"v":1,"d":"1.0"},{"v":2,"d":"2.0"}]
["Grade Aradora (Tipo Romi)","Unidade",23,{"v":1,"d":"1.0"},{"v":2.13,"d":"2.1"},{"v":26,"d":"26.0"},{"v":49,"d":"49.0"}]
["Grade Niveladora","Unidade",109,{"v":1,"d":"1.0"},{"v":1.45,"d":"1.5"},{"v":11,"d":"11.0"},{"v":158,"d":"158.0"}]
["Pulverizador Tratorizado","Unidade",123,{"v":1,"d":"1.0"},{"v":1.65,"d":"1.7"},{"v":13,"d":"13.0"},{"v":203,"d":"203.0"}]
["Semeadeira/Adubadeira para Plantio Convencional","Unidade",8,{"v":1,"d":"1.0"},{"v":1,"d":"1.0"},{"v":1,"d":"1.0"},{"v":8,"d":"8.0"}]
["Semeadeira/Plantadeira Plantio Direto","Unidade",7,{"v":1,"d":"1.0"},{"v":1,"d":"1.0"},{"v":1,"d":"1.0"},{"v":7,"d":"7.0"}]
["Terraceador","Unidade",15,{"v":1,"d":"1.0"},{"v":1.07,"d":"1.1"},{"v":2,"d":"2.0"},{"v":16,"d":"16.0"}]
["Trator de Esteiras","Unidade",3,{"v":1,"d":"1.0"},{"v":1.67,"d":"1.7"},{"v":3,"d":"3.0"},{"v":5,"d":"5.0"}]
["Trator de Pneus","Unidade",124,{"v":1,"d":"1.0"},{"v":2.85,"d":"2.9"},{"v":125,"d":"125.0"},{"v":353,"d":"353.0"}]
["Açude/Represa","Unidade",99,{"v":1,"d":"1.0"},{"v":1.18,"d":"1.2"},{"v":4,"d":"4.0"},{"v":117,"d":"117.0"}]
["Alambique","Unidade",1,{"v":1,"d":"1.0"},{"v":1,"d":"1.0"},{"v":1,"d":"1.0"},{"v":1,"d":"1.0"}]
["Almoxarifado/Oficina","Unidade",3,{"v":1,"d":"1.0"},{"v":1.33,"d":"1.3"},{"v":2,"d":"2.0"},{"v":4,"d":"4.0"}]
["Balança para Veículos","Unidade",1,{"v":1,"d":"1.0"},{"v":1,"d":"1.0"},{"v":1,"d":"1.0"},{"v":1,"d":"1.0"}]
["Barracão/Galpão/Garagem","Unidade",111,{"v":1,"d":"1.0"},{"v":1.16,"d":"1.2"},{"v":3,"d":"3.0"},{"v":129,"d":"129.0"}]
["Casa de Moradia Habitada","Unidade",105,{"v":1,"d":"1.0"},{"v":1.96,"d":"2.0"},{"v":25,"d":"25.0"},{"v":206,"d":"206.0"}]
["Casa de Moradia Total","Unidade",135,{"v":1,"d":"1.0"},{"v":2.02,"d":"2.0"},{"v":21,"d":"21.0"},{"v":273,"d":"273.0"}]
["Curral/Mangueira","Unidade",72,{"v":1,"d":"1.0"},{"v":1.03,"d":"1.0"},{"v":2,"d":"2.0"},{"v":74,"d":"74.0"}]
["Depósito/Tulha","Unidade",79,{"v":1,"d":"1.0"},{"v":1.04,"d":"1.0"},{"v":2,"d":"2.0"},{"v":82,"d":"82.0"}]
["Estábulo","Unidade",1,{"v":1,"d":"1.0"},{"v":1,"d":"1.0"},{"v":1,"d":"1.0"},{"v":1,"d":"1.0"}]
["Instalações para Equinos","Unidade",1,{"v":1,"d":"1.0"},{"v":1,"d":"1.0"},{"v":1,"d":"1.0"},{"v":1,"d":"1.0"}]
["Máquina de Benefício","Unidade",3,{"v":1,"d":"1.0"},{"v":1,"d":"1.0"},{"v":1,"d":"1.0"},{"v":3,"d":"3.0"}]
["Pocilga","Unidade",2,{"v":1,"d":"1.0"},{"v":1,"d":"1.0"},{"v":1,"d":"1.0"},{"v":2,"d":"2.0"}]
["Poço Semi-Artesiano","Unidade",144,{"v":1,"d":"1.0"},{"v":1.22,"d":"1.2"},{"v":4,"d":"4.0"},{"v":176,"d":"176.0"}]
["Terreiro","m²",6,{"v":20,"d":"20.0"},{"v":96,"d":"96.0"},{"v":272,"d":"272.0"},{"v":576,"d":"576.0"}]
["Usina de Açúcar/destilaria","Unidade",1,{"v":1,"d":"1.0"},{"v":1,"d":"1.0"},{"v":1,"d":"1.0"},{"v":1,"d":"1.0"}]
["Fonte: Secretaria de Agricultura e Abastecimento, CDRS/IEA, Projeto LUPA."]
[]
["TABELA 631.4 - Outras Estatísticas Agrícolas, Município de Vista Alegre do Alto, Estado de São Paulo, 2007/08."]
["ITEM","Número de UPAs",null,"Percentual"]
["Faz Parte de Associação de Produtores",33,null,{"v":12.74131274131274,"d":"12.7"}]
["Faz Parte de Cooperativa de Produtores",123,null,{"v":47.49034749034749,"d":"47.5"}]
["Faz Parte do Sindicato de Produtores",47,null,{"v":18.146718146718147,"d":"18.1"}]
["Não utiliza assistência técnica ",14,null,{"v":5.405405405405405,"d":"5.4"}]
["Utiliza somente assistência técnica governamental ",2,null,{"v":0.7722007722007722,"d":"0.8"}]
["Utiliza somente assistência técnica privada ",138,null,{"v":53.28185328185328,"d":"53.3"}]
["Utiliza assistência técnica tanto governamental quanto privada",105,null,{"v":40.54054054054054,"d":"40.5"}]
["Utiliza Crédito Rural",3,null,{"v":1.1583011583011584,"d":"1.2"}]
["Utiliza Seguro Rural","-",null,"-"]
["Utiliza Escrituração Agrícola",79,null,{"v":30.5019305019305,"d":"30.5"}]
["Acessa Internet p/ Fins na Agropecuária",40,null,{"v":15.444015444015443,"d":"15.4"}]
["Utiliza Computador nas Atividades Agropecuárias",63,null,{"v":24.324324324324323,"d":"24.3"}]
["Utiliza Energia Elétrica Para Uso na Atividade Agrícola",185,null,{"v":71.42857142857143,"d":"71.4"}]
["Realiza Análise de Solo, quando necessário",227,null,{"v":87.64478764478764,"d":"87.6"}]
["Utiliza Práticas de Conservação de Solo, quando necessário",250,null,{"v":96.52509652509653,"d":"96.5"}]
["Faz Adubação Mineral, quando necessário",245,null,{"v":94.5945945945946,"d":"94.6"}]
["Faz Adubação Orgânica, quando necessário",54,null,{"v":20.84942084942085,"d":"20.8"}]
["Faz Adubação Verde, quando necessário",1,null,{"v":0.3861003861003861,"d":"0.4"}]
["Utiliza Manejo Integrado de Pragas (MIP)","-",null,"-"]
["Utiliza Hidroponia","-",null,"-"]
["Utiliza Plasticultura",1,null,{"v":0.3861003861003861,"d":"0.4"}]
["Utiliza Mudas Fiscalizadas",230,null,{"v":88.8030888030888,"d":"88.8"}]
["Utiliza Semente Melhorada",34,null,{"v":13.127413127413128,"d":"13.1"}]
["Faz Confinamento de Bovinos",2,null,{"v":0.7722007722007722,"d":"0.8"}]
["Utiliza Pastejo Intensivo",1,null,{"v":0.3861003861003861,"d":"0.4"}]
["Faz Inseminação Artificial",2,null,{"v":0.7722007722007722,"d":"0.8"}]
["Faz Mineralização do Rebanho",39,null,{"v":15.057915057915059,"d":"15.1"}]
["Faz Vermifugação do Rebanho",56,null,{"v":21.62162162162162,"d":"21.6"}]
["Possui Parceiros /Arrendatários na Exploração Animal",60,null,{"v":23.166023166023166,"d":"23.2"}]
["Esporte e lazer","-",null,"-"]
["Extração mineral","-",null,"-"]
["Hotel Fazenda, Pousada ou SPA","-",null,"-"]
["Pesque-pague","-",null,"-"]
["Restaurante ou Lanchonete","-",null,"-"]
["Transformação artesanal","-",null,"-"]
["Turismo rural ou ecoturismo","-",null,"-"]
["Outras atividades econômicas rurais",1,null,{"v":0.3861003861003861,"d":"0.4"}]
["Agroindústria",1,null,{"v":0.3861003861003861,"d":"0.4"}]
["Proprietário sem instrução ou com instrução incompleta",8,null,{"v":3.088803088803089,"d":"3.1"}]
["Proprietário com antigo primário completo",107,null,{"v":41.31274131274131,"d":"41.3"}]
["Proprietário com 1° grau (ou antigo ginasial) completo",35,null,{"v":13.513513513513512,"d":"13.5"}]
["Proprietário com 2° grau (ou antigo colegial) completo",41,null,{"v":15.83011583011583,"d":"15.8"}]
["Proprietário com curso superior completo ",40,null,{"v":15.444015444015443,"d":"15.4"}]
["Pessoa Jurídica",28,null,{"v":10.81081081081081,"d":"10.8"}]
["Proprietário residente na própria UPA ",49,null,{"v":18.91891891891892,"d":"18.9"}]
["Fonte: Secretaria de Agricultura e Abastecimento, CDRS/IEA, Projeto LUPA."]
[]
["TABELA 631.5 - Área Cultivada, Município de Vista Alegre do Alto, Estado de São Paulo, 2007/08."]
["CULTURA","N.DE UPAs","MÍNIMO","MÉDIO","MÁXIMO","TOTAL"]
["Cana-de-acucar",101,2.4,{"v":47.66,"d":"47.7"},{"v":648,"d":"648.0"},{"v":4813.6,"d":"4,813.6"}]
["Goiaba",93,0.7,{"v":8.14,"d":"8.1"},{"v":54,"d":"54.0"},756.7]
["Manga",89,0.1,{"v":6.46,"d":"6.5"},45.5,575.2]
["Gramas",90,0.3,{"v":5.18,"d":"5.2"},30.7,466.3]
["Limao",84,0.4,{"v":5.31,"d":"5.3"},{"v":42,"d":"42.0"},445.9]
["Laranja",28,{"v":1,"d":"1.0"},{"v":12.14,"d":"12.1"},{"v":50,"d":"50.0"},339.8]
["Tangerina",21,0.7,{"v":10.08,"d":"10.1"},{"v":64,"d":"64.0"},211.6]
["Lima",27,0.5,{"v":3.92,"d":"3.9"},20.4,105.9]
["Milho",15,1.4,{"v":6.63,"d":"6.6"},20.6,99.5]
["Carambola",28,0.1,{"v":2.26,"d":"2.3"},9.1,63.4]
["Tangor",12,1.1,{"v":4.35,"d":"4.4"},9.4,52.2]
["Abacate",11,0.2,{"v":2.32,"d":"2.3"},6.4,25.5]
["Cebola",3,2.5,6.8,12.9,20.4]
["Braquiaria",1,17.1,17.1,17.1,17.1]
["Coco-da-baia",3,0.7,5.3,11.8,15.9]
["Mandioca",3,2.4,{"v":4.83,"d":"4.8"},7.3,14.5]
["Caju",2,{"v":2,"d":"2.0"},3.5,{"v":5,"d":"5.0"},{"v":7,"d":"7.0"}]
["Pessego",3,0.5,{"v":2.23,"d":"2.2"},5.7,6.7]
["Fruta-do-conde (ou pinha, ou anona)",2,1.8,{"v":2.65,"d":"2.7"},3.5,5.3]
["Eucalipto",2,{"v":1,"d":"1.0"},1.7,2.4,3.4]
["Roma",3,0.5,0.6,0.7,1.8]
["Lichia",1,1.6,1.6,1.6,1.6]
["Cidra",1,{"v":1,"d":"1.0"},{"v":1,"d":"1.0"},{"v":1,"d":"1.0"},{"v":1,"d":"1.0"}]
["Maracuja",1,{"v":1,"d":"1.0"},{"v":1,"d":"1.0"},{"v":1,"d":"1.0"},{"v":1,"d":"1.0"}]
["Fonte: Secretaria de Agricultura e Abastecimento, CDRS/IEA, Projeto LUPA."]